000 00546nam a2200181Ia 4500
001 3935
005 20260306145719.0
008 260306t2018||||xx |||||||||||||| ||spa||
041 _aESP
082 _a305.5670985
_bA77
100 _aArrelucea Barrantes, Maribel,
_eAUT
245 0 _aSobreviviendo a la esclavitud :
_bnegociación y honor en las prácticas cotidianas de los africanos y afrodescendientes. Lima, 1750-1820
260 _c2018
300 _a439 páginas :
_c23 cm.
650 _aGEN
654 _aCHU
942 _cLIB
_dJUS
_fJUS
_2ddc
_n
999 _c3935
_d3935